Catálogo
 En Linea

Voces del Este 2019 : (Registro nro. 20176)

Detalles MARC
000 -CABECERA
campo de control de longitud fija 02228nam a2200433 i 4500
001 - NÚMERO DE CONTROL
campo de control 000020672
003 - IDENTIFICADOR DEL NÚMERO DE CONTROL
campo de control DO-SdBNP
005 - FECHA Y HORA DE LA ÚLTIMA TRANSACCIÓN
campo de control 20250723145219.0
007 - CAMPO FIJO DE DESCRIPCIÓN FÍSICA--INFORMACIÓN GENERAL
campo de control de longitud fija ta
008 - DATOS DE LONGITUD FIJA--INFORMACIÓN GENERAL
campo de control de longitud fija 100812s2019 dr 000 0 spa d
020 ## - NÚMERO INTERNACIONAL ESTÁNDAR DEL LIBRO
Número Internacional Estándar del Libro 9789945503609
040 ## - FUENTE DE LA CATALOGACIÓN
Centro catalogador/agencia de origen DO-SdBNP
Lengua de catalogación spa
Centro/agencia transcriptor BNPHU
Normas de descripción rda
041 ## - CÓDIGO DE LENGUA
Código de lengua del texto/banda sonora o título independiente spa
082 #4 - NÚMERO DE LA CLASIFICACIÓN DECIMAL DEWEY
Número de clasificación xxx
Número de documento/Ítem xxx
Número de edición 22
111 ## - ENTRADA PRINCIPAL--NOMBRE DE CONGRESO/REUNIÓN
Nombre de congreso/reunión o jurisdicción como elemento de entrada XV Feria Regional del Libro y la cultura Monte Plata 2019
Fecha del congreso/reunión (2019)
9 (RLIN) 76661
245 00 - MENCIÓN DE TÍTULO
Título Voces del Este 2019 :
Resto del título cuentos y poemas ganadores del certamen regional para Talleres Literarios /
Mención de responsabilidad, etc. Bileysi Reyes, María del Carmen Villafaña, Ámbar Rodríguez, Francisco Antonio Encarnación
260 ## - PUBLICACIÓN, DISTRIBUCIÓN, ETC.
Lugar de publicación, distribución, etc. Santo Domingo,
Fecha de publicación, distribución, etc. 2019.
Nombre del editor, distribuidor, etc. Nacional
300 ## - DESCRIPCIÓN FÍSICA
Extensión 92 páginas ;
Dimensiones 21 cm.
336 ## - TIPO DE CONTENIDO
Término de tipo de contenido texto
Código de tipo de contenido txt
Fuente rdacontent
337 ## - TIPO DE MEDIO
Nombre/término del tipo de medio sin mediación
Código del tipo de medio n
Fuente rdamedia
338 ## - TIPO DE SOPORTE
Nombre/término del tipo de soporte volumen
Código del tipo de soporte nc
Fuente rdacarrier
490 1# - MENCIÓN DE SERIE
Mención de serie Narrativa-Poesía
505 0# - NOTA DE CONTENIDO CON FORMATO
Nota de contenido con formato Cuentos --
Título Ruidos profanos /
Mención de responsabilidad Bileysi Reyes /
Información miscelánea 1er. lugar --
Título Rumores /
Mención de responsabilidad María del Carmen Villafaña /
Información miscelánea 2do. lugar --
Título Katlyn /
Mención de responsabilidad Ámbar Rodríguez /
Información miscelánea 3er. lugar --
Título La marca /
Mención de responsabilidad Francisco Antonio Encarnación /
Información miscelánea 1ra. mención --
Título Muerte súbita /
Mención de responsabilidad Jonás Sánchez Paulino /
Información miscelánea 2da. mención --
Título Un demonio en la casa de Dios /
Mención de responsabilidad Ruth Elizabeth Abréu /
Información miscelánea 3era. mención --
505 0# - NOTA DE CONTENIDO CON FORMATO
Nota de contenido con formato Poemas --
Título Intangibilidad de la ciudad costera /
Mención de responsabilidad Ámbar Rodríguez /
Información miscelánea 1er. lugar --
Título A ustedes/
Mención de responsabilidad Leyddy Dhianna Reynoso /
Información miscelánea 2do. lugar --
Título Papi /
Mención de responsabilidad Ivania Edelmira Henriguez /
Información miscelánea 3er. lugar --
Título Magdalena /
Mención de responsabilidad Rosbelisa Berroa /
Información miscelánea 1era. mención --
Título Nieve negra /
Mención de responsabilidad Angie Francisca Peña /
Información miscelánea 2da. mención --
Título Onirismo /
Mención de responsabilidad Víctor Andrés de Óleo /
Información miscelánea 3era. mención --
590 ## - NOTA LOCAL (RLIN)
Nota local Inventariado, 2020/YL
700 12 - PUNTO DE ACCESO ADICIONAL--NOMBRE DE PERSONA
Nombre de persona Reyes, Bileysi,
Fechas asociadas al nombre 1993
9 (RLIN) 76663
700 12 - PUNTO DE ACCESO ADICIONAL--NOMBRE DE PERSONA
Nombre de persona Villafaña, María del Carmen
9 (RLIN) 76664
700 12 - PUNTO DE ACCESO ADICIONAL--NOMBRE DE PERSONA
Nombre de persona Rodríguez, Ámbar
9 (RLIN) 76665
700 12 - PUNTO DE ACCESO ADICIONAL--NOMBRE DE PERSONA
Nombre de persona Encarnación, Francisco Antonio
9 (RLIN) 76666
700 12 - PUNTO DE ACCESO ADICIONAL--NOMBRE DE PERSONA
Nombre de persona Sánchez Paulino, Jonás
9 (RLIN) 74654
700 12 - PUNTO DE ACCESO ADICIONAL--NOMBRE DE PERSONA
Nombre de persona Abréu, Ruth Elizabeth
9 (RLIN) 76667
700 12 - PUNTO DE ACCESO ADICIONAL--NOMBRE DE PERSONA
Nombre de persona Reynoso, Leyddy Dhianna
9 (RLIN) 76668
700 12 - PUNTO DE ACCESO ADICIONAL--NOMBRE DE PERSONA
Nombre de persona Henríquez, Ivania Edelmira
9 (RLIN) 74648
700 12 - PUNTO DE ACCESO ADICIONAL--NOMBRE DE PERSONA
Nombre de persona Berroa, Rosbelisa
9 (RLIN) 76669
700 12 - PUNTO DE ACCESO ADICIONAL--NOMBRE DE PERSONA
Nombre de persona Peña, Angie Francisca
9 (RLIN) 76670
700 12 - PUNTO DE ACCESO ADICIONAL--NOMBRE DE PERSONA
Nombre de persona Óleo, Víctor Andrés de
9 (RLIN) 76671
942 ## - ELEMENTOS DE PUNTO DE ACCESO ADICIONAL (KOHA)
Fuente del sistema de clasificación o colocación Dewey Decimal Classification
Tipo de ítem Koha Libro
956 ## - LOCALIZACIÓN Y ACCESO ELECTRÓNICOS LOCAL (OCLC)
Nombre del host YLOCKWARD
Existencias
Estado de retiro Estado de pérdida Fuente del sistema de clasificación o colocación Restricciones de uso No para préstamo Código de colección Localización permanente Ubicación/localización actual Ubicación en estantería Fecha de adquisición Fuente de adquisición Total de préstamos Signatura topográfica completa Código de barras Fecha visto por última vez Número de copia Precio válido a partir de Tipo de ítem Koha
    Dewey Decimal Classification Préstamo en sala   Dominicana de Servicio Biblioteca Nacional Pedro Henríquez Ureña Biblioteca Nacional Pedro Henríquez Ureña En catalogación 16.03.2020 Depósito Legal   BNPHU DS 20672-30 25.06.2020 e. 3 25.06.2020 Libro
    Dewey Decimal Classification Excluido de préstamo   Patrimonio Dominicano Biblioteca Nacional Pedro Henríquez Ureña Biblioteca Nacional Pedro Henríquez Ureña En catalogación 16.03.2020 Depósito Legal   BNPHU PD 20672-10 25.06.2020   25.06.2020 Libro
    Dewey Decimal Classification Excluido de préstamo   Patrimonio Dominicano Biblioteca Nacional Pedro Henríquez Ureña Biblioteca Nacional Pedro Henríquez Ureña En catalogación 16.03.2020 Depósito Legal   BNPHU PD 20672-20 25.06.2020 e. 2 25.06.2020 Libro

Con tecnología Koha